Statistics for States With The Lowest Population

Click here to take the quiz!

General Stats

  • This quiz has been taken 17 times
  • The average score is 10 of 10

Answer Stats

HintAnswer% Correct
731KAlaska
100%
973KDelaware
100%
762KNorth Dakota
100%
1.059MRhode Island
100%
884KSouth Dakota
100%
1.344MMaine
93%
623KVermont
93%
578KWyoming
93%
1.068MMontana
87%
1.359MNew Hampshire
87%

Score Distribution

Percentile by Number Answered

Percent of People with Each Score

Your Score History

You have not taken this quiz